000 00230nam a22001097a 4500
040 _cSK
082 _a363
100 _aSMITH P
245 _aThe economics of climate chang in southeast asia
260 _aNA
_bSMI
_c2008
942 _cEK
999 _c9237
_d9237